000 00514 a2200169 4500
005 20250429110942.0
020 _a0-07-299159-3
082 _a658.15 ROS
100 _aROSS, S. A.
245 _aFundamentals of Corporate Finance
250 _a7th Ed.
260 _aNew York,
_bMcGraw-Hill,
_c2006.
300 _axli, 735p.: ill.; figure, picture, table.
_bIndex.
_c27cm.
700 _aWESTERFIELD, R. W. & JORDAN, B. D.
856 _yAccess online book
_fFinanace
_dwww.mhhe.com/edumarketinsight.
942 _2ddc
_cBKS
999 _c1767
_d1767